000 00986nam a22002651u 4500
001 12323
003 HDC
007 cr bn ---
008 210209p2001 my eng
040 _aHDC
100 _aZainudin Haji Meon,
_eauthor
_912781
245 0 _aGrowth, precocity and productivity of starfruit (Averrhoa carambola L.) in response to root restrictive membranes /
_cby Zainudin Haji Meon
260 _aSerdang :
_bMalaysian Agricultural Research and Development Institute (MARDI),
_c2001
300 _a1 page
336 _atext
_2rdacontent
337 _acomputer
_2rdamedia
338 _aonline resource
_2rdacarrier
650 _aPrecocity
_912883
650 _aRoot restrictive membrane
_912884
650 _aStarfruit
_912585
856 _zRequest full-text at [email protected]
942 _2lcc
942 _cAR
942 _kJART 003094
999 _c9646
_d9646